<?xml version="1.0" encoding="UTF-8"?>
<record
    xmlns:xsi="http://www.w3.org/2001/XMLSchema-instance"
    xsi:schemaLocation="http://www.loc.gov/MARC21/slim http://www.loc.gov/standards/marcxml/schema/MARC21slim.xsd"
    xmlns="http://www.loc.gov/MARC21/slim">

  <leader>00943nam a22001575i 4500</leader>
  <controlfield tag="001">171009</controlfield>
  <controlfield tag="003">ES-MaACL</controlfield>
  <controlfield tag="005">20230906214521.0</controlfield>
  <controlfield tag="008">090422s1872    sp           |||| | spa d</controlfield>
  <datafield tag="100" ind1="1" ind2=" ">
    <subfield code="a">Escalante, Eduardo.</subfield>
    <subfield code="9">47463</subfield>
  </datafield>
  <datafield tag="245" ind1="1" ind2="3">
    <subfield code="a">El rey de les criailles </subfield>
    <subfield code="b">: pieza de costumbres valencianas, en un acto y en verso / </subfield>
    <subfield code="c">original de Eduardo Escalante.</subfield>
  </datafield>
  <datafield tag="260" ind1=" " ind2=" ">
    <subfield code="a">Valencia : </subfield>
    <subfield code="b">Librer&#xED;a de Juan Mariana y Sanz, editor, </subfield>
    <subfield code="c">1872 (</subfield>
    <subfield code="f">Imp. de Juan Guix)</subfield>
  </datafield>
  <datafield tag="300" ind1=" " ind2=" ">
    <subfield code="a">27 p. ; </subfield>
    <subfield code="c">18 cm.</subfield>
  </datafield>
  <datafield tag="500" ind1=" " ind2=" ">
    <subfield code="a">En port.: Escrita espresamente para el primer actor c&#xF3;mico D. Asensio Mora, y estrenada en su beneficio con estraordinario &#xE9;xito en el teatro de la Libertad (antes Princesa), la noche del 20 de enero de 1872.</subfield>
  </datafield>
  <datafield tag="852" ind1="1" ind2=" ">
    <subfield code="a">BA </subfield>
    <subfield code="j">F-8576(11) </subfield>
    <subfield code="z">.- Enc. pasta espa&#xF1;ola </subfield>
    <subfield code="q">.- Falto de la cub. original</subfield>
    <subfield code="z">.- Enc. en un vol. facticio formando parte de la col. "Teatro espa&#xF1;ol moderno", vol. 29 </subfield>
    <subfield code="z">.-  Firma manuscrita Gustavo Saenz Diez, 1872</subfield>
  </datafield>
  <datafield tag="999" ind1=" " ind2=" ">
    <subfield code="c">171009</subfield>
    <subfield code="d">171009</subfield>
  </datafield>
  <datafield tag="952" ind1=" " ind2=" ">
    <subfield code="0">0</subfield>
    <subfield code="1">0</subfield>
    <subfield code="4">0</subfield>
    <subfield code="7">0</subfield>
    <subfield code="8">LIBXIX</subfield>
    <subfield code="a">ATENEOM</subfield>
    <subfield code="b">ATENEOM</subfield>
    <subfield code="c">SPP2</subfield>
    <subfield code="d">2009-04-22</subfield>
    <subfield code="e">DON</subfield>
    <subfield code="l">0</subfield>
    <subfield code="o">F-8576(11)</subfield>
    <subfield code="p">1179472</subfield>
    <subfield code="r">2023-02-23 00:00:00</subfield>
    <subfield code="w">2023-02-23</subfield>
    <subfield code="y">MONANT</subfield>
  </datafield>
</record>
